01025 a2200193 4500020001500000020001800015082001200033100001600045245004100061250001200102260004900114300002100163490002000184500001500204520042300219830002000642856008200662856008700744 a0761996052 a978076199605704a332.6451 aBhaskar, P.10aDerivatives simplified /cP Bhaskar. a1st ed. a[S.l.] :bSAGE Publications Pvt. Ltd,c2003. a210 p. ;c22 cm.1 aResponse books. aHardcover. aThis book is both informative and practitioner-orientated and covers all aspects of different derivative products. It includes the origin and growth of derivatives trading. Who uses it - when, why and how? The method of using each derivative product is also given in a simple form with easy to follow examples. Derivatives or futures trading have just been introduced into the Indian financial market to replace badla. 0aResponse books.403Amazon.comuhttp://www.amazon.com/exec/obidos/ASIN/0761996052/chopaconline-20403Amazon customer reviewsuhttp://www.chopac.org/cgi-bin/tools/azrev.pl?q=0761996052